000 00512cam a2200217ua 4500
001 10786
005 20260515114648.0
008 190403n ii |||gr||||Z||||||asm
020 _a8173393397
040 _cMAIN
041 _aasm
082 _a410
100 _aArpana Konwar,
_eAuthor.
245 _aBhasha bijnan upakramanika
_cBy Arpana Konwar
250 _a6th ed.
260 _aDibrugarh:
_bBanalata,
_c2017.
300 _a320p.
653 _aLinguistics
653 _aAssamese language
942 _cBK
999 _c9738
_d9738